Dostavba prieluky, Radlinského ulica, Bratislava

Gespeichert in:
Bibliographische Detailangaben
1. Verfasser: Haščáková, Dominica (Verfasst von)
Weitere Verfasser: Šíp, Lukáš (Betreuung Doktorarbeit)
Format: Manuskript Buch
Sprache:Slowakisch
Veröffentlicht: Bratislava 2022
Schlagworte:
Online-Zugang:http://is.stuba.sk/zp/portal_zp.pl?podrobnosti=152692
Tags: Tag hinzufügen
Keine Tags, Fügen Sie das erste Tag hinzu!

MARC

LEADER 00000ntm a22000003a 4500
001 stuzp89904
003 SK-STU
005 20221025121634.5
007 ta
008 150427s2015----xo-----f-mn---000-0-slo-d
040 |a STU  |b slo 
041 0 |a slo 
100 1 |a Haščáková, Dominica  |u 052120  |4 aut  |U FAD Fakulta architektúry a dizajnu  |T FAD Ústav ekologickej a experimentálnej architektúry  |X 99305  |U A2120  |Y 393  |7 99305 
242 0 1 |a Gap Building, Radlinského Street, Bratislava  |y eng 
245 1 0 |a Dostavba prieluky, Radlinského ulica, Bratislava 
260 |c 2022  |a Bratislava 
650 4 |a Perforácia  |2 slo 
650 4 |a Prieluka  |2 slo 
650 4 |a Železobetón  |2 slo 
650 4 |a Umenie  |2 slo 
650 4 |a Fasáda  |2 slo 
650 4 |a Perforation  |2 eng 
650 4 |a Art  |2 eng 
650 4 |a Blank space  |2 eng 
650 4 |a Facade  |2 eng 
700 1 |a Šíp, Lukáš  |u 052120  |k Z1  |4 ths  |U FAD Fakulta architektúry a dizajnu  |T FAD Ústav ekologickej a experimentálnej architektúry  |X 29145  |U A2120  |Y 393  |7 A000029145 
856 4 |u http://is.stuba.sk/zp/portal_zp.pl?podrobnosti=152692  |u https://opac.crzp.sk/?fn=detailBiblioForm&sid=62A48EA6D8C294D558C7B7542714